| 000 | 00414nam a22001697a 4500 | ||
|---|---|---|---|
| 003 | SGT | ||
| 020 | _a9812531653 | ||
| 082 | _a512,DUR | ||
| 100 | _aJOHN R,DURBIN | ||
| 245 | _aMODERN ALGEBRA AN INTRODUCTION | ||
| 250 | _a5TH | ||
| 260 |
_aNEW DELHI _bWILEY _c2005 |
||
| 300 | _a354 | ||
| 650 | _a ALGEBRA | ||
| 653 | _aMAPPINGS AND OPERATIONS, INTRODUCTION TO GROUPS,GROUP HOMOMORPHISMS | ||
| 942 |
_2ddc _cFPS |
||
| 999 |
_c9462 _d9462 |
||